000 00663nam a2200181 a 4500
001 000039304
005 20201002031604.0
008 130621s2012 dr ac 000 0 spa d
020 _a9789945871623
040 _aDO-SdBNP
_bspa
_cBNPHU
245 0 3 _aEl tráfico ilícito y la trata de mujeres dominicanas en el exterior :
_brealidades y liniamientos de políticas públicas /
_cCristina A. Sánchez.
260 _aSanto Domingo :
_bAmigo del Hogar,
_c2012.
300 _a38 p. :
_bil., retrs. ;
_c29 cm.
500 _aVesión resumida
500 _aIncluye notas al pie de las páginas
504 _aBibliografía : p. 37
700 1 _aSánchez, Cristina A.
_965500
999 _c38794
_d38794